Human Resource Management: Perspectives for the New Era. (Record no. 2268)

MARC details
005 - DATE AND TIME OF LATEST TRANSACTION
control field 20250514143841.0
020 ## - INTERNATIONAL STANDARD BOOK NUMBER
International Standard Book Number 0-7619-9441-6
082 ## - DEWEY DECIMAL CLASSIFICATION NUMBER
Classification number 658.3 SAI
245 ## - TITLE STATEMENT
Title Human Resource Management: Perspectives for the New Era.
260 ## - PUBLICATION, DISTRIBUTION, ETC.
Place of publication, distribution, etc. New Delhi,
Name of publisher, distributor, etc. Response Book,
Date of publication, distribution, etc. 2000.
300 ## - PHYSICAL DESCRIPTION
Extent 370p.: ill.; table
Other physical details Bibliographical Reference & Index
Dimensions 21cm.
700 ## - ADDED ENTRY--PERSONAL NAME
Other authors/Editors SAINI, D. S & KHAN, S. A.
942 ## - ADDED ENTRY ELEMENTS (KOHA)
Source of classification or shelving scheme Dewey Decimal Classification
Koha item type Books
Holdings
Date last seen Total checkouts Full call number Barcode Cost, replacement price Price effective from Koha item type Lost status Source of classification or shelving scheme Damaged status Not for loan Withdrawn status Home library Current library Shelving location Date acquired Cost, normal purchase price
05/14/2025   658.3 SAI 0000008704 647550.00 05/14/2025 Books   Dewey Decimal Classification       College of Business Education Main Library College of Business Education Main Library General Collection 04/08/2011 215850.00
06/02/2025   658.3 SAI 00000010667 647550.00 06/02/2025 Books   Dewey Decimal Classification       College of Business Education Main Library College of Business Education Main Library Special Reserve Collection 04/08/2011 215850.00